Southville International School and Colleges
Your cart is empty.
  • Cart
  • Lists
    Public lists Eva Luna New books Lux_list list_1
    Your lists Log in to create your own lists
  • Log in to your account
  • Your cookies
  • Search history
Southville International School and Colleges
  • Advanced search
  • Recent comments
  • Most popular
  • Libraries

Log in to your account

Log in with GOOGLE


If you do not have an external account, but do have a local account, you can still log in:

  1. Home
  2. MARC view: Concepts of programming languages /
Normal view MARC view ISBD view

Concepts of programming languages / (Record no. 284769)

[ view plain ]
MARC details
000 -LEADER
fixed length control field 00930cam a2200265 a 4500
001 - CONTROL NUMBER
control field 4327840
003 - CONTROL NUMBER IDENTIFIER
control field PILC
005 - DATE AND TIME OF LATEST TRANSACTION
control field 20150905085246.0
008 - FIXED-LENGTH DATA ELEMENTS--GENERAL INFORMATION
fixed length control field 880830s1989 caua b 001 0 eng
010 ## - LIBRARY OF CONGRESS CONTROL NUMBER
LC control number 88007393
020 ## - INTERNATIONAL STANDARD BOOK NUMBER
International Standard Book Number 0805370110
040 ## - CATALOGING SOURCE
Original cataloging agency DLC
Transcribing agency DLC
Modifying agency DLC
-- OCoLC
-- DLC
050 00 - LIBRARY OF CONGRESS CALL NUMBER
Classification number QA 76.7
Item number .Se443 1989
082 00 - DEWEY DECIMAL CLASSIFICATION NUMBER
Classification number 005.13
100 1# - MAIN ENTRY--PERSONAL NAME
Personal name Sebesta, Robert W.
245 10 - TITLE STATEMENT
Title Concepts of programming languages /
Statement of responsibility, etc Robert W. Sebesta.
260 ## - PUBLICATION, DISTRIBUTION, ETC. (IMPRINT)
Place of publication, distribution, etc Redwood City, Calif. :
Name of publisher, distributor, etc Benjamin/Cummings Pub. Co.,
Date of publication, distribution, etc 1989.
300 ## - PHYSICAL DESCRIPTION
Extent xiii, 497 pages :
Other physical details illustrations ;
Dimensions 25 cm.
490 1# - SERIES STATEMENT
Series statement The Benjamin/Cummings series in computer science
500 ## - GENERAL NOTE
General note Includes bibliographical references and index.
650 #0 - SUBJECT ADDED ENTRY--TOPICAL TERM
Topical term or geographic name as entry element Programming languages (Electronic computers)
830 #0 - SERIES ADDED ENTRY--UNIFORM TITLE
Uniform title Benjamin/Cummings series in computing and information sciences.
906 ## - LOCAL DATA ELEMENT F, LDF (RLIN)
a 7
b cbc
c orignew
d 1
e ocip
f 19
g y-gencatlg
942 ## - ADDED ENTRY ELEMENTS (KOHA)
Source of classification or shelving scheme Library of Congress Classification
Koha item type Books
Call number prefix Foreign
Holdings
Withdrawn status Lost status Source of classification or shelving scheme Damaged status Home library Current library Shelving location Date acquired Source of acquisition Sub Shelving location Total Checkouts Full call number Barcode Date last seen Price effective from Koha item type
    Library of Congress Classification   College Library College Library General Circulation Section 06/05/2015 Library Fund     QA 76.7 .Se443 1989 C19570 05/15/2018 06/05/2015 Books

Concepts of programming languages /

APA

Sebesta R. W., . (1989). Concepts of programming languages. Redwood City, Calif: Benjamin/Cummings Pub. Co.

Chicago

Sebesta Robert W, . 1989. Concepts of programming languages. Redwood City, Calif: Benjamin/Cummings Pub. Co.

Harvard

Sebesta R. W., . (1989). Concepts of programming languages. Redwood City, Calif: Benjamin/Cummings Pub. Co.

MLA

Sebesta Robert W, . Concepts of programming languages. Redwood City, Calif: Benjamin/Cummings Pub. Co. 1989.

  • Place hold
  • Print
  • Cite
  • Add to your cart (remove)
  • Save record
    BIBTEX Dublin Core MARCXML MARC (non-Unicode/MARC-8) MARC (Unicode/UTF-8) MARC (Unicode/UTF-8, Standard) MODS (XML) RIS
  • More searches
    Search for this title in:
    Other Libraries (WorldCat) Other Databases (Google Scholar) Online Stores (Bookfinder.com) Open Library (openlibrary.org)

Exporting to Dublin Core...

SOUTHVILLE LIBRARY

Southville International School and Colleges Library

1281 Tropical Ave. Cor. Luxembourg St., BF Homes International, Las Pinas City

Tel. No. 8256374 / 252358 Loc. 117/146

Powered by Koha